Les noms de scène des chanteuses non françaises - Statistiques

Statistiques générales
  • Ce quiz a été pris 128 fois
  • Le résultat moyen est 6 sur 14
Statistiques - réponses
Vraie identité Prénom et nom % Correct
Mylène Gautier (1961) Mylène Farmer
85%
Lara Crokaert (1970) Lara Fabian
82%
Stefanie Germanotta (1986) Lady Gaga
63%
Louise Ciccone (1958) Madonna
55%
Marie Magdalene Dietrich (1901-1992) Marlène Dietrich
52%
Iolanda Gigliotti (1933-1987) Dalida
48%
Vanda Maria Ribeiro Furtado Tavares de Vasconcelos (1962) Lio
47%
Hélène Aurore Alice Rizzo (1971) Hélène Segara
44%
Rika Gozman (1938) Rika Zaraï
34%
Claudine Luypaerts (1960-2018) Maurane
32%
Katheryn Elizabeth Hudson (1984) Katy Perry
24%
Cherilyn Sarkisian La Pierre (1946) Cher
16%
Fabienne Demal (1968) Axelle Red
13%
Jeanne-Paule Marie Deckers (1933-1985) Soeur Sourire
7%
Aucun quiz correspondant
Distribution des résultats
% des personnes avec chaque résultat
Percentile par nombre de réponses
Votre historique - résultats
Vous n’avez pas pris ce quiz